000 01146cam a22002174a 4500
005 20250605164139.0
008 250528s ||||||||||||||||||||||||d
035 _a18896
020 _a435283642
040 _aGR-AtMCL
_bgre
_dGR-AtMCL
_eAACR2
245 1 _aThe Heinemann English Grammar / An Intermediate Reference and Practice Book
250 _a1st
260 _bHeinemann,
_c1989
300 _a304
520 _aA fully integrated grammar reference and practice book. It is intended for intermediate students and is useful for learners above and below this level. Includes sample book. Introduction, Verbs, Modal Verbs and Related Structures, The Passive and Have Something Done, If Sentences and Conditionals, Reported Speech, -ing Form and Infinitive, Nouns and Articles and Quantity, Pronouns, Adjectives, Adverbs, Negatives and Questions and Answers, Relative Clauses, Linking Words, Prepositions, Phrasal Verbs, Pronunciation and Spelling of Endings, General, Appendix: American English, Glossary, Index.
700 1 _aBeaumont Digby
_95176
700 1 _aGranger Colin
_95177
942 _cBK
999 _c4200
_d4200